00761nam a22001697a 4500003000900000008004100009020001500050040007100065082001800136100002200154245011000176260004100286300002800327505019200355650002800547650001600575AR-CdUCM190305b ||||| |||| 00| 0 spa d a9500709384 aMUNICIPALIDAD PROVINCIAL DEL CUSCOcBIBLIOTECA MUNICIPAL DEL CUSCO a338.98 /bK62 aKlitgaard, Robert aAjustandonos a la realidad :bpolíticas creativas para un mercado versus estado en beneficio de todos / aBuenos Aires :bSudamericana,c1991. a313 páginas ;c23 cm. aMas allá del estado versus mercado -- El ambiente socioeconomico restringe el mercado y el estado -- Información e instituciones del mercado -- Acción de compradores y vendedores... aPolíticas de mercado. aEconomía.